000 00526nam a2200217Ia 4500
003 OSt
005 20220923230725.0
006 a|||||r|||| 00| 0
007 ta
008 Pun
024 _a305,086
037 _cTextual
040 _aARTS
_cARTS
_bPun
041 _2Pun
_aPun
082 _aV58, 153K8
245 0 _aਮਿੱਤਰ - ਦੇਸ ਸੋਵੀਅਤ ਰੂਸ
260 _c1968
650 _aਭਾਰਤੀਯ ਇਤਿਹਾਸ
942 _hV58, 153K8
_cTEXL
_2CC
999 _c386889
_d386889